000 00529nam a2200229Ia 4500
003 IT-RoPAU
008 120407s9999 xx 000 0 und d
040 _aIT-RoPAU
040 _cIT-RoPAU
041 _afra
100 _aCeslas Spicq al secolo Bernard
100 _cop.
245 _aL’Epitre aux Hébreux. 2 voll. 1°: Introduction. 2°: Commentaire.
250 _aParis
260 _aJ. Gabalda
260 _c1952
300 _c24,5 cm
490 _aEtudes Bibliques
490 _v65
942 _cBK
999 _c48
_d48